书目信息 |
| 题名: |
中国地理环境、交通运输与区域发展
|
|
| 作者: | 郑林昌 著 | |
| 分册: | ||
| 出版信息: | 北京 人民出版社 2013 |
|
| 页数: | 347页 | |
| 开本: | 21cm | |
| 丛书名: | ||
| 单 册: | ||
| 中图分类: | F127 , F512.3 | |
| 科图分类: | ||
| 主题词: | 地理环境--影响--区域经济发展--研究--中国 , 交通运输建设--影响--区域经济发展--研究--中国 , 地理环境 , 区域经济发展 , 交通运输建设 | |
| 电子资源: | ||
| ISBN: | 978-7-01-012003-4 | |
| 000 | 01280nam0 2200301 450 | |
| 001 | 523 | |
| 005 | 20140908162113.25 | |
| 010 | @a978-7-01-012003-4@dCNY28.00 | |
| 100 | @a20140318d2013 kemy0chiy50 ea | |
| 101 | 0 | @achi |
| 102 | @aCN@b110000 | |
| 105 | @aa z 000yy | |
| 106 | @ar | |
| 200 | 1 | @a中国地理环境、交通运输与区域发展@AZhong Guo Di Li Huan Jing、 Jiao Tong Yun Shu Yu Qu Yu Fa Zhan@f郑林昌著@FZheng Lin Chang Zhu |
| 210 | @a北京@c人民出版社@d2013 | |
| 215 | @a347页@c图@d21cm | |
| 300 | @a教育部人文社会科学青年基金项目支持 | |
| 330 | @a本书首先从人地关系角度对交通运输的发展进行了重新认识,并揭示了地理环境在交通运输发展中的重要作用,提出了当前交通运输和区域发展研究领域对地理环境作用的忽视;随后系统梳理和分析了地形条件、交通运输成本与区域经济发展之间的作用机理;然后通过分析不同地形条件下交通运输建设成本、营运成本和维护成本以及国民经济交通运输成本,实证了地形条件对交通运输的影响等。 | |
| 606 | 0 | @a地理环境@x影响@x区域经济发展@x研究@y中国 |
| 606 | 0 | @a交通运输建设@x影响@x区域经济发展@x研究@y中国 |
| 606 | 0 | @a地理环境 |
| 606 | 0 | @a区域经济发展 |
| 606 | 0 | @a交通运输建设 |
| 690 | @aF127@v5 | |
| 690 | @aF512.3@v5 | |
| 701 | 0 | @a郑林昌@AZheng Lin Chang@f(1978~)@4著 |
| 801 | 0 | @aCN@bTANGWEI@c20140603 |
| 905 | @b0842243-45@dF127@e220@f3 | |
| 中国地理环境、交通运输与区域发展/郑林昌著.-北京:人民出版社,2013 |
| 347页:图;21cm |
| 教育部人文社会科学青年基金项目支持 |
| ISBN 978-7-01-012003-4:CNY28.00 |
| 本书首先从人地关系角度对交通运输的发展进行了重新认识,并揭示了地理环境在交通运输发展中的重要作用,提出了当前交通运输和区域发展研究领域对地理环境作用的忽视;随后系统梳理和分析了地形条件、交通运输成本与区域经济发展之间的作用机理;然后通过分析不同地形条件下交通运输建设成本、营运成本和维护成本以及国民经济交通运输成本,实证了地形条件对交通运输的影响等。 |
| ● |
| 相关链接 |
|
|
|
|
正题名:中国地理环境、交通运输与区域发展
索取号:F127/220
 
预约/预借
| 序号 | 登录号 | 条形码 | 馆藏地/架位号 | 状态 | 备注 |
| 1 | 0842243 | 208422438 | 第一样本阅览室/ [索取号:F127/220] | 在馆 | |
| 2 | 0842244 | 208422447 | 第一借阅区/ [索取号:F127/220] | 在馆 | |
| 3 | 0842245 | 208422456 | 第一借阅区/ [索取号:F127/220] | 在馆 |